| Tag |
First Indicator |
Second Indicator |
Subfields |
| LEADER |
00000cam a2200000 a 4500 |
| 001 |
in00000073078 |
| 005 |
20151008060033.0 |
| 008 |
811119s1981 nyub b 00110 eng |
| 010 |
|
|
|a 81047197
|
| 020 |
|
|
|a 039450075X
|
| 035 |
|
|
|a (OCoLC)07778531
|
| 035 |
|
|
|9 AAJ5017AM
|
| 039 |
0 |
|
|a 2
|b 3
|c 3
|d 3
|e 3
|
| 040 |
|
|
|a DLC
|c DLC
|d TXA
|d UtOrBLW
|
| 043 |
|
|
|a n-us-ny
|a n-us---
|
| 049 |
|
|
|a TXAM
|c [1361823]
|
| 050 |
0 |
0 |
|a JS1240.W37
|b K37
|
| 082 |
0 |
|
|a 320.8/09747/1
|2 19
|
| 100 |
1 |
|
|a Katznelson, Ira.
|
| 245 |
1 |
0 |
|a City trenches :
|b urban politics and the patterning of class in the United States /
|c Ira Katznelson.
|
| 250 |
|
|
|a 1st ed.
|
| 264 |
|
1 |
|a New York :
|b Pantheon Books,
|c [1981]
|
| 264 |
|
4 |
|c ©1981
|
| 300 |
|
|
|a xv, 267 pages :
|b maps ;
|c 24 cm.
|
| 336 |
|
|
|a text
|b txt
|2 rdacontent
|
| 337 |
|
|
|a unmediated
|b n
|2 rdamedia
|
| 338 |
|
|
|a volume
|b nc
|2 rdacarrier
|
| 504 |
|
|
|a Includes bibliographical references and index.
|
| 650 |
|
0 |
|a Neighborhood government
|z United States
|x Case studies.
|
| 651 |
|
0 |
|a Washington Heights (New York, N.Y.)
|x Politics and government.
|
| 651 |
|
0 |
|a Washington Heights (New York, N.Y.)
|x Social conditions.
|
| 999 |
|
|
|a MARS
|
| 999 |
f |
f |
|s 77fe5b40-dab3-36a5-b947-45d694534560
|i d63c1c22-ce56-3bf1-a664-216414b284ec
|t 0
|
| 952 |
f |
f |
|p ric
|a Texas A&M University
|b Rellis Campus
|c Joint Library Facility
|d Remote Storage
|t 0
|e JS1240.W37 K37
|h Library of Congress classification
|i unmediated -- volume
|m A14806152543
|
| 998 |
f |
f |
|a JS1240.W37 K37
|t 0
|l Remote Storage
|